| 000 | 00639nam a22002057a 4500 | ||
|---|---|---|---|
| 003 | OSt | ||
| 005 | 20250822022422.0 | ||
| 008 | 250822b |||||||| |||| 00| 0 eng d | ||
| 020 | _a0-8089-2287-4. | ||
| 040 | _cOC | ||
| 082 | _aCirc. 610.73678 G82m 2004 | ||
| 100 | _aGreen, C. | ||
| 245 | _aMaternal newborn nursing care plans | ||
| 260 |
_aSt. Louis : _bMosby, _cc2004. |
||
| 300 |
_axiii, 703 pages : _b illustration ; _c27 cm. |
||
| 650 | _2Maternity nursing. | ||
| 650 | _2Nursing care plans. | ||
| 700 | _aWilkinson, Judith M. | ||
| 942 |
_2ddc _cBK-CIRC _hCirc. 610.73678 G82m 2004 _kCirc. _n0 |
||
| 999 |
_c4149 _d4149 |
||